000 00640nam a2200229 u 4500
005 20240831063800.0
008 140827s2011 r 000 0 eng d
020 _a9788498713305
035 _aUPN01000199197
049 _aI
050 4 _aPZ78
_bA4.26
100 1 _aAlbo, Pablo,
_d1971-
_932369
245 1 0 _aComo pollo sin cabeza /
_cPablo Albo ; il. Mikel Mardones.
260 _aEspaña :
_bOQO,
_c2011.
300 _a32 p. :
_bil.
440 0 _aColección Q
650 4 _aCuentos infantiles españoles
_97725
650 4 _aLibros y lectura para niños
_92290
905 _aInfantil
999 _c171298
_d171298